STANDARD HANDBOOK OF LUBRICATION ENGINEERING (Record no. 582874)

000 -LEADER
fixed length control field 00324nam a22001217a 4500
020 ## - INTERNATIONAL STANDARD BOOK NUMBER
International Standard Book Number 07-047605-5
082 ## - DEWEY DECIMAL CLASSIFICATION NUMBER
Classification number 621.89 STA'D
100 ## - MAIN ENTRY--PERSONAL NAME
Personal name AVALLONE, E.A,BOYD, J,OCANNER, J.J
9 (RLIN) 77637
245 ## - TITLE STATEMENT
Title STANDARD HANDBOOK OF LUBRICATION ENGINEERING
260 ## - PUBLICATION, DISTRIBUTION, ETC.
Place of publication, distribution, etc. NEWYORK
Name of publisher, distributor, etc. MCGRAW HILL
Date of publication, distribution, etc. 1960
300 ## - PHYSICAL DESCRIPTION
Extent XXII, 45-14P
942 ## - ADDED ENTRY ELEMENTS (KOHA)
Koha item type Book
Holdings
Withdrawn status Lost status Damaged status Not for loan Permanent Location Current Location Shelving location Date acquired Total Checkouts Full call number Barcode Date last seen Price effective from Koha item type
        College of Electrical & Mechanical Engineering (CEME) College of Electrical & Mechanical Engineering (CEME) Reference 06/08/2017   621.89 STA'D CEME-9164 06/28/2021 06/28/2021 Book
© 2023 Central Library, National University of Sciences and Technology. All Rights Reserved.